Hidden truth : (Record no. 4718)
[ view plain ]
| 000 -LEADER | |
|---|---|
| fixed length control field | 00405nam a22001337a 4500 |
| 005 - DATE AND TIME OF LATEST TRANSACTION | |
| control field | 20240228101647.0 |
| 008 - FIXED-LENGTH DATA ELEMENTS--GENERAL INFORMATION | |
| fixed length control field | 240201b |||||||| |||| 00| 0 eng d |
| 082 ## - DEWEY DECIMAL CLASSIFICATION NUMBER | |
| Classification number | 305.42 |
| Item number | HID |
| 942 ## - ADDED ENTRY ELEMENTS (KOHA) | |
| Item Type | Reports |
| 245 ## - TITLE STATEMENT | |
| Title | Hidden truth : |
| Sub Title | Discrimination of Muslim women in the Quazi courts in Puttalam and Batticaloa |
| 260 ## - PUBLICATION, DISTRIBUTION, ETC. (IMPRINT) | |
| Place of Publication | Colombo : |
| Name of Publisher | Fokus women, |
| Date of Copyright | 2016 |
| 300 ## - PHYSICAL DESCRIPTION | |
| Extent | 38 p. |
| 650 ## - SUBJECT ADDED ENTRY--TOPICAL TERM | |
| Topical Term | DISCRIMINATION AGAINST WOMEN |
| Withdrawn status | Lost status | Source of classification or shelving scheme | Damaged status | Not for loan | Permanent location | Current location | Date acquired | Total Checkouts | Full call number | Barcode | Date last seen | Price effective from | Koha item type |
|---|---|---|---|---|---|---|---|---|---|---|---|---|---|
| Dewey Decimal Classification | Resource center, Muslim Women's Research And Action Forum | Resource center, Muslim Women's Research And Action Forum | 2024-02-01 | 305.42 HID | RAF4960 | 2024-02-01 | 2024-02-01 | Reports | |||||
| Dewey Decimal Classification | Resource center, Muslim Women's Research And Action Forum | Resource center, Muslim Women's Research And Action Forum | 2024-03-15 | 305.42 HID | RAF5206 | 2024-03-15 | 2024-03-15 | Reports |

